[Event "Charleville Mezieres op 5th"]
[Site "Charleville Mezieres"]
[Date "2008.??.??"]
[Round "2"]
[White "Recloux, Georges"]
[Black "Guyon, Estelle"]
[Result "1-0"]
[WhiteElo "1397"]
[BlackElo "1570"]
[PlyCount "57"]
[EventDate "2008.12.26"]
[EventType "swiss"]
[EventRounds "7"]
[EventCountry "FRA"]
[SourceTitle "CBM 128 Extra"]
[Source "ChessBase"]
[SourceDate "2009.03.05"]
[SourceVersion "2"]
[SourceVersionDate "2009.03.25"]
[SourceQuality "1"]

1. e4 c5 2. Nf3 d6 3. d4 cxd4 4. Nxd4 Nf6 5. Nc3 Nc6 6. Nxc6 bxc6 7. Bc4 g6 8. Bb3 Bg7 9. Qf3 0-0 10. 0-0 Ba6 11. Re1 Qc7 12. Bf4 Nh5 13. Bd2 Rab8 14. Rab1 Bc8 15. Ne2 Nf6 16. h3 e5 17. c4 Be6 18. a3 d5 19. exd5 cxd5 20. cxd5 e4 21. Qe3 Rxb3 22. Qxb3 Bxd5 23. Qe3 Rb8 24. Rec1 Qe5 25. Qd4 Qxd4 26. Nxd4 Ba2 27. Ra1 Rxb2 28. Bc3 Rb6 29. Rxa2 1-0